01080nam a2200313Ia 4500001000600000003000500006008004100011010001100052040000900063082001600072100004300088245010500131260007300236300001100309440007300320500000500393503000500398650003200403650003400435650009400469650004200563901001600605902000600621910000900627942000600636942000700642999001900649952009800668Z_247CHAP220113s1989 xx 000 0 und d a163221 cCHAP a630.9727 P3 aParra Vázquez, Manuel Roberto985749 aEl subdesarrollo agrícola en los altos de Chiapas /cpor Manuel Roberto Parra Vázquez [y otros] aChapingo, Méx. :bUACH. Dirección de Difusión Cultural,c1989 a405 p. aColeccción Cuadernos universitarios. Serie agronomía; 189137522 a a aAgriculturaxChiapas 91355 aGanado lanarxChiapas 945162 aIndustrias textilesxChiapas I. UACH. Subdirección de Centros Regionales II. t.9137523 aRecursos forestalesxChiapas 9137524 a630.9727 P3 aA a1989 c1 cc1 c163221d163221 00102ddc40708GRALaZbZc3d2005-11-09pz_0756r2022-01-18 00:00:00t1w2022-01-18yLIBRO